THE SHORT SECOND LIFE OF BREE TANNER (Record no. 33514)

MARC details
000 -LEADER
fixed length control field 00269nam a22001217a 4500
003 - CONTROL NUMBER IDENTIFIER
control field SGT
082 ## - DEWEY DECIMAL CLASSIFICATION NUMBER
Classification number 823
Item number MEY
100 ## - MAIN ENTRY--PERSONAL NAME
Personal name MEYER STEPHENIE
245 ## - TITLE STATEMENT
Title THE SHORT SECOND LIFE OF BREE TANNER
260 ## - PUBLICATION, DISTRIBUTION, ETC. (IMPRINT)
Place of publication, distribution, etc U.K
Name of publisher, distributor, etc HACHETTE PUB
Year of Publication 2010
300 ## - PAGE DESCRIPTION
No. of Pages 178
942 ## - ADDED ENTRY ELEMENTS (KOHA)
Source of classification or shelving scheme Dewey Decimal Classification
Koha item type Books
Holdings
Withdrawn status Lost status Source of classification or shelving scheme Damaged status Not for loan Collection code Home library Current library Shelving location Date acquired SGTU Total Checkouts Full call number Accession No. (Barcode) Date last seen Date last borrowed Bill Date Koha item type
    Dewey Decimal Classification     MASS COMMUNICATION SGT Science & Social Sciences Library SGT Science & Social Sciences Library Text Book 24/01/2026 SGTU 1 823 MEY MC1331 05/03/2026 23/02/2026 24/01/2026 Books